[Event "Tata Steel India Rapid"]
[Site "Kolkata IND"]
[Date "2019.11.23"]
[Round "5"]
[White "Aronian, Levon"]
[Black "Harikrishna, Pentala"]
[Result "1-0"]
[WhiteElo "2772"]
[BlackElo "2731"]
[PlyCount "147"]
[EventDate "2019.11.22"]
[EventType "rapid"]

1. e4 e5 2. Nf3 Nc6 3. Bb5 a6 4. Ba4 Nf6 5. O-O Be7 6. Re1 b5 7. Bb3 O-O 8. c3
d5 9. exd5 Nxd5 10. Nxe5 Nxe5 11. Rxe5 c6 12. Re1 Bd6 13. d3 Bf5 14. Qf3 Qh4
15. g3 Qh3 16. Bxd5 cxd5 17. Qxd5 Rad8 18. Qg2 Qxg2+ 19. Kxg2 Bxd3 20. Be3 Rfe8
21. Nd2 b4 22. Bb6 Rc8 23. Ba5 bxc3 24. Bxc3 f6 25. Rad1 Bf8 26. f3 Kf7 27. Ne4
Red8 28. g4 Bc4 29. a3 Bb3 30. Rc1 Rb8 31. h4 Be7 32. h5 Rb5 33. Bb4 Bxb4 34.
Rc7+ Kf8 35. axb4 Re5 36. h6 gxh6 37. Rh1 f5 38. gxf5 Rxf5 39. Rxh6 Rf7 40. Rc3
Bd5 41. Nc5 Rb8 42. Rd6 Ba2 43. Rxa6 Bb1 44. b5 Bf5 45. b6 Rf6 46. Rb3 Rg6+ 47.
Kf2 Bc8 48. b7 Rxb7 49. Rxb7 Rxa6 50. Rxh7 Rc6 51. b4 Bf5 52. Rh4 Ke7 53. Ke3
Rb6 54. Rd4 Bh3 55. Nd3 Bf5 56. Nf4 Rb8 57. Kd2 Kf6 58. Kc3 Ra8 59. Nd5+ Kg7
60. Rf4 Be6 61. Ne7 Ra3+ 62. Kd4 Bh3 63. Nc6 Rb3 64. Kc5 Bf1 65. Ne5 Rc3+ 66.
Kd6 Rb3 67. Ke7 Bh3 68. Rd4 Re3 69. f4 Bf1 70. Rd1 Bh3 71. Rg1+ Kh7 72. Rg5 Bf1
73. Kf6 Re4 74. Rh5+ 1-0

[Event "Tata Steel India Rapid"]
[Site "Kolkata IND"]
[Date "2019.11.23"]
[Round "6"]
[White "So, Wesley"]
[Black "Nepomniachtchi, Ian"]
[Result "1/2-1/2"]
[WhiteElo "2760"]
[BlackElo "2773"]
[PlyCount "58"]
[EventDate "2019.11.22"]
[EventType "rapid"]

1. e4 c5 2. Nf3 d6 3. d4 cxd4 4. Nxd4 Nf6 5. Nc3 a6 6. h3 e5 7. Nb3 Be7 8. Be3
Be6 9. f4 exf4 10. Bxf4 Nc6 11. Qe2 Ne5 12. O-O-O Nfd7 13. Kb1 O-O 14. Qe3 Rc8
15. Be2 Qc7 16. Rhf1 Nb6 17. Qg3 Na4 18. Bd2 b5 19. Nd4 Qc5 20. Nxa4 bxa4 21.
Qc3 Qa7 22. Qe3 Bc4 23. Nf5 Qb7 24. Bb4 Bxe2 25. Qxe2 Nc4 26. Nxe7+ Qxe7 27.
Rd4 Qe6 28. b3 axb3 29. cxb3 a5 1/2-1/2

[Event "Tata Steel India Rapid"]
[Site "Kolkata IND"]
[Date "2019.11.23"]
[Round "6"]
[White "Anand, Viswanathan"]
[Black "Giri, Anish"]
[Result "0-1"]
[WhiteElo "2757"]
[BlackElo "2776"]
[PlyCount "104"]
[EventDate "2019.11.22"]
[EventType "rapid"]

1. e4 e5 2. Nf3 Nc6 3. Bc4 Nf6 4. d3 Bc5 5. O-O d6 6. c3 a6 7. a4 Ba7 8. Re1
O-O 9. h3 h6 10. Nbd2 Re8 11. b4 Be6 12. Bxe6 Rxe6 13. Qc2 Qd7 14. Nf1 d5 15.
Ng3 Rd8 16. Bb2 b5 17. axb5 axb5 18. Rad1 dxe4 19. dxe4 Rd6 20. Rxd6 cxd6 21.
Bc1 Ne7 22. Be3 Bxe3 23. Rxe3 Qc6 24. Rd3 Ra8 25. Qd1 Ra6 26. Re3 g6 27. Nd2
Kg7 28. Nb3 Qc7 29. Nf1 Ra3 30. Nfd2 Nh5 31. Qf1 Qd7 32. Re1 Nf4 33. Kh2 Qc6
34. c4 bxc4 35. Na5 Qc7 36. Qxc4 Qb6 37. Rf1 Ra4 38. Qc3 Rxb4 39. Nac4 Qc5 40.
g3 Ne6 41. f4 Nd4 42. Qd3 exf4 43. gxf4 d5 44. Ne3 dxe4 45. Nxe4 Qc6 46. Ng3
Kh7 47. Qe4 Rb2+ 48. Ng2 Qxe4 49. Nxe4 Nef5 50. Nf6+ Kg7 51. Nd5 Nh4 52. Nde3
Nxg2 0-1

[Event "Tata Steel India Rapid"]
[Site "Kolkata IND"]
[Date "2019.11.23"]
[Round "6"]
[White "Vidit, Santosh Gujrathi"]
[Black "Carlsen, Magnus"]
[Result "1/2-1/2"]
[WhiteElo "2722"]
[BlackElo "2870"]
[PlyCount "148"]
[EventDate "2019.11.22"]
[EventType "rapid"]

1. d4 d5 2. c4 e6 3. Nc3 c5 4. cxd5 exd5 5. Nf3 Nf6 6. Bg5 Be6 7. dxc5 Bxc5 8.
e3 O-O 9. Be2 h6 10. Bh4 Nc6 11. O-O Rc8 12. Rc1 Be7 13. Nd4 a6 14. Nxc6 Rxc6
15. Bf3 Rc4 16. Bxf6 Bxf6 17. Nxd5 Rxc1 18. Nxf6+ Qxf6 19. Qxc1 Bxa2 20. Bxb7
Rb8 21. Qc7 Qd8 22. Rc1 Bc4 23. Qxc4 Rxb7 24. b4 Qf8 25. Qxa6 Rxb4 26. h3 Rb8
27. Qc4 Qd6 28. Qg4 g6 29. Rc8+ Rxc8 30. Qxc8+ Kg7 31. Qc3+ Kg8 32. Qd4 Qe6 33.
g4 Qc6 34. Qf4 Kg7 35. Kh2 Qb5 36. Qd4+ Kg8 37. Qe4 h5 38. Kg2 hxg4 39. hxg4
Kg7 40. Qd4+ Kg8 41. Kg3 Qb8+ 42. f4 g5 43. Qe5 gxf4+ 44. exf4 Qb6 45. Kh4 Qh6+
46. Kg3 Qb6 47. g5 Qg1+ 48. Kf3 Qf1+ 49. Ke3 Qe1+ 50. Kd4 Qb4+ 51. Kd3 Qb1+ 52.
Kc4 Qd1 53. Kc5 Qd8 54. Qd6 Qc8+ 55. Kd4 Qc1 56. Ke5 Qc3+ 57. Kf5 Qc8+ 58. Kf6
Qc3+ 59. Ke7 Qe3+ 60. Kd8 Qe4 61. Qb8 f6 62. gxf6 Kf7 63. Qe5 Qa8+ 64. Kc7 Qa7+
65. Kd6 Qb6+ 66. Kd5 Qxf6 67. Qh5+ Kg7 68. Qg4+ Kf8 69. Qc8+ Kg7 70. Qd7+ Qf7+
71. Qxf7+ Kxf7 72. Ke5 Ke7 73. f5 Kf7 74. f6 Kf8 1/2-1/2

[Event "Tata Steel India Rapid"]
[Site "Kolkata IND"]
[Date "2019.11.23"]
[Round "6"]
[White "Harikrishna, Pentala"]
[Black "Nakamura, Hikaru"]
[Result "0-1"]
[WhiteElo "2731"]
[BlackElo "2741"]
[PlyCount "76"]
[EventDate "2019.11.22"]
[EventType "rapid"]

1. d4 Nf6 2. c4 e6 3. g3 d5 4. Bg2 dxc4 5. Nf3 a6 6. Ne5 Bb4+ 7. Nc3 Nd5 8. O-O
O-O 9. Ne4 b5 10. b3 cxb3 11. axb3 Bb7 12. Nd3 Be7 13. Nec5 Bc6 14. Bb2 Nf6 15.
e4 Bxc5 16. Nxc5 Nbd7 17. Nxd7 Nxd7 18. Bc3 Bb7 19. Ba5 Qe7 20. Rc1 Rfc8 21.
Qd2 c5 22. Rfd1 cxd4 23. Qxd4 Nf8 24. h4 e5 25. Qb6 Ne6 26. Rxc8+ Rxc8 27. Rd6
h6 28. Bb4 Qc7 29. Kh2 Nd4 30. f4 f6 31. fxe5 fxe5 32. Rg6 Qf7 33. h5 Rc2 34.
Qd8+ Kh7 35. Bf8 Rxg2+ 36. Kh3 Rh2+ 37. Kxh2 Qf2+ 38. Kh3 Qf1+ 0-1

[Event "Tata Steel India Rapid"]
[Site "Kolkata IND"]
[Date "2019.11.23"]
[Round "6"]
[White "Ding, Liren"]
[Black "Aronian, Levon"]
[Result "1/2-1/2"]
[WhiteElo "2801"]
[BlackElo "2772"]
[PlyCount "41"]
[EventDate "2019.11.22"]
[EventType "rapid"]

1. d4 Nf6 2. c4 e6 3. g3 d5 4. Bg2 Bb4+ 5. Bd2 Bxd2+ 6. Nxd2 O-O 7. Ngf3 c6 8.
O-O b6 9. Qc2 Ba6 10. Rfd1 Nbd7 11. Rac1 Rc8 12. e3 h6 13. cxd5 cxd5 14. Qa4
Be2 15. Re1 Rxc1 16. Rxc1 Qb8 17. Qc6 Ba6 18. Qc7 Rc8 19. Qxb8 Nxb8 20. Rxc8+
Bxc8 21. Ne5 1/2-1/2

[Event "Tata Steel India Rapid"]
[Site "Kolkata IND"]
[Date "2019.11.24"]
[Round "7"]
[White "Aronian, Levon"]
[Black "So, Wesley"]
[Result "1/2-1/2"]
[WhiteElo "2772"]
[BlackElo "2760"]
[PlyCount "86"]
[EventDate "2019.11.22"]
[EventType "rapid"]

1. e4 e5 2. Nf3 Nc6 3. Bb5 Nf6 4. O-O Nxe4 5. d4 Nd6 6. Bxc6 dxc6 7. dxe5 Nf5
8. Qxd8+ Kxd8 9. Nc3 Bd7 10. b3 Kc8 11. Bb2 h6 12. h3 b6 13. Rad1 Ne7 14. Ne2
Ng6 15. Ne1 h5 16. Nd3 a5 17. a4 Be7 18. Rfe1 Nf8 19. Ndf4 Bg5 20. e6 Nxe6 21.
Nxe6 Bxe6 22. Bxg7 Rg8 23. Be5 c5 24. Bf4 Bf6 25. Ng3 h4 26. Ne4 Be7 27. Nc3 c6
28. Kh2 Ra7 29. Ne4 Rd7 30. Rxd7 Kxd7 31. Rd1+ Kc8 32. c4 Rd8 33. Rxd8+ Kxd8
34. g4 hxg3+ 35. Kxg3 Kd7 36. Bd2 f5 37. Nc3 Bf6 38. Kf3 Bf7 39. Ke2 Bh5+ 40.
f3 Bg6 41. Kd3 Bh5 42. Ke2 Bg6 43. Kd3 Bh5 1/2-1/2

[Event "Tata Steel India Rapid"]
[Site "Kolkata IND"]
[Date "2019.11.24"]
[Round "7"]
[White "Nepomniachtchi, Ian"]
[Black "Vidit, Santosh Gujrathi"]
[Result "1-0"]
[WhiteElo "2773"]
[BlackElo "2722"]
[PlyCount "119"]
[EventDate "2019.11.22"]
[EventType "rapid"]

1. e4 e5 2. Nf3 Nc6 3. d4 exd4 4. Nxd4 Nf6 5. Nxc6 bxc6 6. e5 Qe7 7. Qe2 Nd5 8.
h4 Qe6 9. Nd2 a5 10. Nf3 Ba6 11. c4 Bb4+ 12. Bd2 Bxd2+ 13. Qxd2 Nb6 14. b3 c5
15. O-O-O Bb7 16. Bd3 h6 17. Qe3 Qe7 18. a4 d5 19. cxd5 Nxd5 20. Qe4 O-O-O 21.
Bc4 Nc3 22. Qf5+ Kb8 23. Rxd8+ Rxd8 24. Re1 Nd5 25. Rd1 g6 26. Qd3 Rd7 27. Bb5
c6 28. Bc4 Nb6 29. Qc3 Rxd1+ 30. Kxd1 Nxc4 31. Qxc4 Bc8 32. Qc3 Be6 33. Kc1 Kb7
34. g3 c4 35. bxc4 Qc5 36. Nd2 Qxf2 37. Nb3 Kc8 38. Nxa5 Qc5 39. Kb2 Kc7 40.
Nb3 Qxc4 41. Qxc4 Bxc4 42. Kc3 Bd5 43. Nc5 Kb6 44. Kb4 h5 45. a5+ Ka7 46. Kc3
Ba2 47. Kd4 Bd5 48. Ke3 Ba2 49. Kf4 Bd5 50. Kg5 Ba2 51. Kf6 Bd5 52. Ke7 Ba2 53.
Kd6 Bd5 54. Nd3 Be4 55. Nb4 Kb7 56. Kc5 Bg2 57. a6+ Ka7 58. Nxc6+ Kxa6 59. Nd8
Bh3 60. Kd6 1-0

[Event "Tata Steel India Rapid"]
[Site "Kolkata IND"]
[Date "2019.11.24"]
[Round "7"]
[White "Giri, Anish"]
[Black "Harikrishna, Pentala"]
[Result "1/2-1/2"]
[WhiteElo "2776"]
[BlackElo "2731"]
[PlyCount "200"]
[EventDate "2019.11.22"]
[EventType "rapid"]

1. c4 Nf6 2. Nf3 e6 3. g3 d5 4. Bg2 Be7 5. O-O O-O 6. d4 dxc4 7. Qc2 a6 8. Qxc4
b5 9. Qc2 Bb7 10. Bd2 Bd6 11. Bg5 Nbd7 12. Bxf6 Nxf6 13. Nbd2 Rc8 14. Nb3 Be4
15. Qc3 Qe7 16. Nc5 Nd5 17. Qa3 Bxc5 18. dxc5 a5 19. Qxa5 Qxc5 20. Rfc1 Qd6 21.
Qxb5 Rb8 22. Qa4 Bxf3 23. Bxf3 Rxb2 24. Qa5 h6 25. a4 c6 26. Qc5 Qxc5 27. Rxc5
Nb4 28. a5 Ra8 29. Rc4 Ra6 30. Be4 f5 31. Rb1 Rxb1+ 32. Bxb1 Nd5 33. Rc5 Nc7
34. Bd3 Nb5 35. Bc4 Kf8 36. Bxe6 Ke7 37. Bxf5 Kd6 38. Rc1 Rxa5 39. f4 c5 40.
Rd1+ Ke7 41. Rd7+ Kf6 42. Bd3 Nd4 43. Kf2 g5 44. Rd6+ Ke7 45. Rxh6 gxf4 46.
gxf4 Ra4 47. Ke3 Ra3 48. Ke4 Ra2 49. Kd5 Rd2 50. Ke4 Rb2 51. e3 Ne6 52. Bc4 Nf8
53. h4 Rc2 54. Kd3 Rh2 55. Ke4 Rc2 56. Kd3 Rh2 57. Bd5 Nd7 58. Rh7+ Kd6 59. Bf3
Nf6 60. Rf7 c4+ 61. Kxc4 Ke6 62. Rg7 Rh3 63. Bb7 Rxe3 64. Kd4 Ra3 65. Bc8+ Kd6
66. Bb7 Ra4+ 67. Ke3 Rxf4 68. Kxf4 Nh5+ 69. Kg5 Nxg7 70. Kg6 Ne6 71. Kf6 Nf4
72. Bf3 Kd7 73. Kf7 Kd6 74. Bg4 Ke5 75. Kg7 Kd5 76. Kf6 Kd6 77. Bd1 Nd5+ 78.
Kf7 Nf4 79. Ba4 Ke5 80. Bd7 Kd6 81. Bg4 Ke5 82. Bc8 Kd6 83. Kf6 Nd5+ 84. Kf7
Nf4 85. Bf5 Ke5 86. Bg4 Kd6 87. Bf3 Ke5 88. Bb7 Kd6 89. Kf6 Nh5+ 90. Kf7 Nf4
91. Be4 Ke5 92. Bf3 Kd6 93. Kf6 Kd7 94. Be4 Ke8 95. Kg7 Ke7 96. Bf3 Ne6+ 97.
Kg8 Kf6 98. h5 Kg5 99. Kh7 Nf8+ 100. Kg7 Ne6+ 1/2-1/2

[Event "Tata Steel India Rapid"]
[Site "Kolkata IND"]
[Date "2019.11.24"]
[Round "7"]
[White "Nakamura, Hikaru"]
[Black "Ding, Liren"]
[Result "1/2-1/2"]
[WhiteElo "2741"]
[BlackElo "2801"]
[PlyCount "87"]
[EventDate "2019.11.22"]
[EventType "rapid"]

1. e4 e5 2. Nf3 Nc6 3. Bb5 a6 4. Ba4 Nf6 5. O-O Be7 6. d3 b5 7. Bb3 d6 8. a4
Bd7 9. c3 Na5 10. Bc2 c5 11. d4 cxd4 12. cxd4 exd4 13. Nxd4 O-O 14. Nc3 b4 15.
Nce2 Re8 16. Ng3 g6 17. Re1 Bf8 18. Nf3 Bg7 19. Be3 Bg4 20. h3 Bxf3 21. Qxf3
Nd7 22. Rab1 Rc8 23. Qd1 Nc4 24. Bb3 Nxe3 25. Rxe3 Nc5 26. Bd5 Qb6 27. b3 Ne6
28. Ne2 Nc7 29. Rf3 Nxd5 30. Qxd5 Rc7 31. Nf4 Qc6 32. Re1 Bc3 33. Rc1 Rxe4 34.
Qxc6 Rxc6 35. Nd5 Kg7 36. Nxc3 bxc3 37. Rfxc3 Rxc3 38. Rxc3 Rb4 39. Kf1 d5 40.
Rc6 Rxb3 41. Rxa6 Rb2 42. Rd6 Ra2 43. Rxd5 Rxa4 44. g3 1/2-1/2

[Event "Tata Steel India Rapid"]
[Site "Kolkata IND"]
[Date "2019.11.24"]
[Round "8"]
[White "Ding, Liren"]
[Black "Giri, Anish"]
[Result "1/2-1/2"]
[WhiteElo "2801"]
[BlackElo "2776"]
[PlyCount "69"]
[EventDate "2019.11.22"]
[EventType "rapid"]

1. d4 Nf6 2. c4 e6 3. Nf3 d5 4. Nc3 Bb4 5. Bg5 h6 6. Bxf6 Qxf6 7. e3 O-O 8. Qb3
c5 9. cxd5 exd5 10. dxc5 Bxc3+ 11. Qxc3 Qxc3+ 12. bxc3 Nd7 13. Rd1 Nf6 14. Nd4
Bd7 15. f3 Rfc8 16. Nb3 Kf8 17. Bd3 b6 18. cxb6 axb6 19. Ra1 Rxc3 20. Kd2 Rc7
21. Rhb1 Ba4 22. Nd4 Nd7 23. Rb4 h5 24. h4 Rc5 25. Rab1 g6 26. R1b2 Ke7 27. Ne2
Bc6 28. Nd4 Ba4 29. Ne2 Bc6 30. Nc3 Ra3 31. R2b3 Rxb3 32. Rxb3 Ra5 33. Rb4 Kd6
34. Rb2 Kc7 35. Nb5+ 1/2-1/2

[Event "Tata Steel India Rapid"]
[Site "Kolkata IND"]
[Date "2019.11.24"]
[Round "8"]
[White "Vidit, Santosh Gujrathi"]
[Black "Anand, Viswanathan"]
[Result "1/2-1/2"]
[WhiteElo "2722"]
[BlackElo "2757"]
[PlyCount "55"]
[EventDate "2019.11.22"]
[EventType "rapid"]

1. d4 Nf6 2. c4 e6 3. Nf3 d5 4. Nc3 Bb4 5. Qa4+ Nc6 6. e3 O-O 7. Qc2 dxc4 8.
Bxc4 Bd6 9. O-O e5 10. h3 Bd7 11. Bd2 exd4 12. exd4 Qc8 13. Nd5 Nxd5 14. Bxd5
Ne7 15. Bc4 Bf5 16. Qb3 c6 17. Bb4 Bxb4 18. Qxb4 Ng6 19. Rfe1 Qd7 20. Re3 b5
21. Bf1 a5 22. Qc5 Be6 23. a4 bxa4 24. Rxa4 Bd5 25. Ne5 Nxe5 26. dxe5 Qb7 27.
b4 axb4 28. Rxb4 1/2-1/2

[Event "Tata Steel India Rapid"]
[Site "Kolkata IND"]
[Date "2019.11.24"]
[Round "8"]
[White "Harikrishna, Pentala"]
[Black "Carlsen, Magnus"]
[Result "1/2-1/2"]
[WhiteElo "2731"]
[BlackElo "2870"]
[PlyCount "149"]
[EventDate "2019.11.22"]
[EventType "rapid"]

1. d4 Nf6 2. c4 c6 3. Nc3 d5 4. cxd5 cxd5 5. Bf4 Nc6 6. e3 Bf5 7. Qb3 Na5 8.
Qa4+ Bd7 9. Qc2 e6 10. Bd3 Nc6 11. Qe2 Bb4 12. Nf3 Nh5 13. Bg5 Qa5 14. O-O h6
15. Bh4 g5 16. Bg3 Nxg3 17. fxg3 g4 18. Nh4 Rg8 19. Rac1 f5 20. a3 Bxc3 21.
Rxc3 Ne7 22. Rfc1 Rc8 23. Qf2 Rxc3 24. Rxc3 Qb6 25. h3 h5 26. Kh2 Qd6 27. Qf4
Qxf4 28. gxf4 Nc8 29. g3 Nd6 30. Ng2 Kd8 31. Ne1 Rg7 32. Kg2 Bb5 33. Bxb5 Nxb5
34. Rc2 Nd6 35. Nd3 Nc4 36. Re2 Rc7 37. hxg4 hxg4 38. Kf1 Ke7 39. Ke1 Nd6 40.
Kd1 Ne4 41. Rg2 Kd6 42. Nf2 Rh7 43. Ke2 Kc6 44. Kd3 Kb5 45. b3 a5 46. Nxe4
dxe4+ 47. Kc3 Kc6 48. a4 Rh1 49. b4 Re1 50. Rc2 Kd6 51. Kd2 Rg1 52. bxa5 Rg2+
53. Kd1 Rxg3 54. Rc3 Rf3 55. Ke2 g3 56. Rc8 Rf2+ 57. Ke1 Ra2 58. Kf1 Ra3 59.
Rb8 Rxe3 60. Rxb7 Ra3 61. Rb4 e3 62. Rb2 Kd5 63. Kg2 Rxa4 64. Kxg3 Ke4 65. Rb6
Ra1 66. Rxe6+ Kd3 67. a6 e2 68. a7 Rxa7 69. Kf2 Rh7 70. Re3+ Kxd4 71. Rxe2 Rh2+
72. Ke1 Rxe2+ 73. Kxe2 Ke4 74. Kf1 Kxf4 75. Kf2 1/2-1/2

[Event "Tata Steel India Rapid"]
[Site "Kolkata IND"]
[Date "2019.11.24"]
[Round "8"]
[White "So, Wesley"]
[Black "Nakamura, Hikaru"]
[Result "0-1"]
[WhiteElo "2760"]
[BlackElo "2741"]
[PlyCount "121"]
[EventDate "2019.11.22"]
[EventType "rapid"]

1. d4 Nf6 2. Nf3 d5 3. g3 c5 4. Bg2 cxd4 5. O-O Bd7 6. Nxd4 e5 7. Nb3 Be6 8.
Bg5 Nbd7 9. Nc3 Be7 10. Qd3 O-O 11. Rad1 d4 12. Bxf6 Nxf6 13. Ne4 Qc7 14. Nxf6+
Bxf6 15. c3 dxc3 16. Qxc3 Qxc3 17. bxc3 Rac8 18. Bxb7 Rxc3 19. Bd5 Bh3 20. Bg2
Be6 21. Bd5 Bg4 22. Rc1 Rfc8 23. Rxc3 Rxc3 24. Rc1 Rxc1+ 25. Nxc1 Be7 26. Nd3
Bd6 27. f3 Bd7 28. Kf2 Kf8 29. f4 exf4 30. gxf4 f6 31. e4 Bb5 32. Ke3 Bc7 33.
h4 Bb6+ 34. Kd2 g6 35. e5 Ba5+ 36. Ke3 Bb6+ 37. Kd2 fxe5 38. Nxe5 Bf2 39. Bc6
Bf1 40. Be4 Kg7 41. Nf3 Bc4 42. a4 Kf6 43. Ne5 Be6 44. h5 gxh5 45. Bxh7 Bd5 46.
Kd3 Be1 47. Be4 Bb3 48. Nd7+ Ke7 49. Ne5 Kf6 50. Nd7+ Kg7 51. f5 Bb4 52. Bc6 h4
53. Ke4 h3 54. Kf3 Bd6 55. a5 Bc4 56. Kf2 Kf7 57. Kf3 Ke7 58. f6+ Ke6 59. Kf2
Ba6 60. Ke3 Bc8 61. Nb6 0-1

[Event "Tata Steel India Rapid"]
[Site "Kolkata IND"]
[Date "2019.11.24"]
[Round "8"]
[White "Nepomniachtchi, Ian"]
[Black "Aronian, Levon"]
[Result "1/2-1/2"]
[WhiteElo "2773"]
[BlackElo "2772"]
[PlyCount "25"]
[EventDate "2019.11.22"]
[EventType "rapid"]

1. c4 Nf6 2. g3 e6 3. Nf3 d5 4. d4 Be7 5. Bg2 O-O 6. Nc3 Nbd7 7. b3 dxc4 8.
bxc4 c5 9. O-O cxd4 10. Nxd4 Ne5 11. Rb1 Nxc4 12. Bxb7 Bxb7 13. Rxb7 1/2-1/2

[Event "Tata Steel India Rapid"]
[Site "Kolkata IND"]
[Date "2019.11.24"]
[Round "9"]
[White "Nakamura, Hikaru"]
[Black "Nepomniachtchi, Ian"]
[Result "1/2-1/2"]
[WhiteElo "2741"]
[BlackElo "2773"]
[PlyCount "57"]
[EventDate "2019.11.22"]
[EventType "rapid"]

1. e4 c5 2. Nf3 d6 3. Bb5+ Nd7 4. Ba4 Ngf6 5. O-O e6 6. Re1 a6 7. c3 b5 8. Bc2
c4 9. a4 Bb7 10. d4 cxd3 11. Qxd3 Nc5 12. Qe2 bxa4 13. Be3 Nfd7 14. Bd4 e5 15.
Bxc5 Nxc5 16. Rxa4 Be7 17. Ra2 O-O 18. Nbd2 a5 19. Nb3 Ba6 20. Qd1 Bc4 21. Nfd2
Be6 22. Ra1 Nd7 23. Nc1 Qb6 24. Bb3 Nc5 25. Bxe6 fxe6 26. Nc4 Qb5 27. Qe2 a4
28. Na2 Rfc8 29. Na3 1/2-1/2

[Event "Tata Steel India Rapid"]
[Site "Kolkata IND"]
[Date "2019.11.24"]
[Round "9"]
[White "Aronian, Levon"]
[Black "Vidit, Santosh Gujrathi"]
[Result "1-0"]
[WhiteElo "2772"]
[BlackElo "2722"]
[PlyCount "107"]
[EventDate "2019.11.22"]
[EventType "rapid"]

1. e4 e5 2. Nf3 Nc6 3. Bc4 Nf6 4. Ng5 d5 5. exd5 Na5 6. Bb5+ c6 7. dxc6 bxc6 8.
Bd3 Nd5 9. Nf3 Bd6 10. O-O O-O 11. Re1 f5 12. Nxe5 Qf6 13. Nf3 g5 14. c4 Nf4
15. Bf1 g4 16. d4 gxf3 17. Qxf3 Ne6 18. c5 Bc7 19. b4 Qxd4 20. Qc3 Qxc3 21.
Nxc3 Nb7 22. Bc4 Re8 23. Bb2 a5 24. b5 Nbxc5 25. Ba3 Ne4 26. Nxe4 fxe4 27. b6
Bxb6 28. Rxe4 Kf7 29. Rae1 Ra7 30. Kh1 a4 31. f4 Ra5 32. g4 Bc5 33. Bxc5 Rxc5
34. f5 h5 35. Bxe6+ Bxe6 36. fxe6+ Ke7 37. Rxa4 h4 38. Rf4 Rc2 39. Rf7+ Kd6 40.
Rd7+ Kc5 41. Rh7 Kd6 42. e7 Rd2 43. Rxh4 Rxe7 44. Rh6+ Kd7 45. Rxe7+ Kxe7 46.
Rxc6 Rxa2 47. Rc3 Kf6 48. h4 Ke5 49. Rf3 Ra4 50. Rg3 Kf4 51. Rg2 Kf3 52. h5 Kf4
53. g5 Kf5 54. g6 1-0

[Event "Tata Steel India Rapid"]
[Site "Kolkata IND"]
[Date "2019.11.24"]
[Round "9"]
[White "Anand, Viswanathan"]
[Black "Harikrishna, Pentala"]
[Result "1/2-1/2"]
[WhiteElo "2757"]
[BlackElo "2731"]
[PlyCount "134"]
[EventDate "2019.11.22"]
[EventType "rapid"]

1. e4 c5 2. Nf3 e6 3. d4 cxd4 4. Nxd4 Nf6 5. Nc3 Nc6 6. Nxc6 bxc6 7. e5 Nd5 8.
Ne4 Qc7 9. f4 Qb6 10. a3 f5 11. exf6 Nxf6 12. Nxf6+ gxf6 13. Bd3 Bb7 14. Qh5+
Kd8 15. Bd2 c5 16. O-O-O Kc7 17. Bc3 Be7 18. f5 Rae8 19. fxe6 d5 20. Rhe1 Kb8
21. Qh4 d4 22. Bd2 Bd5 23. Qf4+ Ka8 24. Be4 Qb7 25. Qf3 Rd8 26. Bf4 Bxe4 27.
Rxe4 Rd5 28. Qd3 Rc8 29. Qc4 Rdd8 30. Re2 Qd5 31. b3 Qf5 32. g3 Qd5 33. Qxd5+
Rxd5 34. c4 Rdd8 35. Kc2 Rc6 36. Rd3 h5 37. Rf3 Kb7 38. Bd2 Rdd6 39. Kd3 Ra6
40. a4 Rdb6 41. Kc2 Rxe6 42. Rxe6 Rxe6 43. Rf5 Re2 44. Rxh5 Bd6 45. Kd3 Rf2 46.
Rh7+ Kc6 47. Rxa7 Rxh2 48. a5 Rh3 49. Ke4 Bxg3 50. Ra6+ Kb7 51. Rxf6 Bh2 52.
Rh6 Rxh6 53. Bxh6 Ka6 54. Bf8 d3 55. Kxd3 Bg1 56. b4 cxb4 57. Bxb4 Kb7 58. Bc3
Bc5 59. Ke4 Ka6 60. Kd5 Ba3 61. Be5 Kxa5 62. Bd6 Bb2 63. Kc6 Ka6 64. Bc5 Bc3
65. Ba3 Bd4 66. Bb4 Be3 67. Bc5 Bd2 1/2-1/2

[Event "Tata Steel India Rapid"]
[Site "Kolkata IND"]
[Date "2019.11.24"]
[Round "9"]
[White "Carlsen, Magnus"]
[Black "Ding, Liren"]
[Result "1-0"]
[WhiteElo "2870"]
[BlackElo "2801"]
[PlyCount "118"]
[EventDate "2019.11.22"]
[EventType "rapid"]

1. e4 e5 2. Nf3 Nc6 3. Bb5 a6 4. Ba4 Nf6 5. O-O Be7 6. Re1 b5 7. Bb3 O-O 8. c3
d5 9. exd5 Nxd5 10. Nxe5 Nxe5 11. Rxe5 c6 12. d3 Bd6 13. Re1 Bf5 14. Qf3 Qh4
15. g3 Qh3 16. Be3 Bxd3 17. Bxd5 cxd5 18. Qxd5 Rad8 19. Qg2 Qc8 20. Nd2 Bf5 21.
Bd4 Rfe8 22. f3 Bf8 23. a3 Re6 24. Rxe6 Qxe6 25. Qf2 Re8 26. Nf1 h5 27. Ne3 Bh3
28. Re1 Qc6 29. Ng2 Rxe1+ 30. Nxe1 Qg6 31. Qc2 Bf5 32. Qd2 Be6 33. Qd3 Bf5 34.
Qe3 Be6 35. Bc5 Bxc5 36. Qxc5 Qb1 37. Qf2 Bd5 38. Kg2 a5 39. Qe2 Qf5 40. Kf2
Be6 41. Nc2 Qh3 42. Kg1 Bc4 43. Qe8+ Kh7 44. Ne3 Qe6 45. Qxe6 Bxe6 46. b4 axb4
47. axb4 g5 48. h4 gxh4 49. gxh4 Kg6 50. Kf2 Kf6 51. Nf1 Ke5 52. Ng3 f5 53.
Nxh5 f4 54. Ng7 Bf7 55. h5 Kf6 56. h6 Kg6 57. Nh5 Kxh6 58. Nxf4 Kg5 59. Ne2 Kf5
1-0

[Event "Tata Steel India Rapid"]
[Site "Kolkata IND"]
[Date "2019.11.24"]
[Round "9"]
[White "Giri, Anish"]
[Black "So, Wesley"]
[Result "1/2-1/2"]
[WhiteElo "2776"]
[BlackElo "2760"]
[PlyCount "68"]
[EventDate "2019.11.22"]
[EventType "rapid"]

1. d4 Nf6 2. c4 e6 3. Nf3 d5 4. g3 dxc4 5. Bg2 Nc6 6. Qa4 Bb4+ 7. Bd2 Nd5 8.
Bxb4 Ndxb4 9. O-O Rb8 10. Na3 O-O 11. Qb5 b6 12. Qxc4 Ba6 13. Nb5 Qe8 14. Rfc1
Nd5 15. e4 Na5 16. Nxc7 Bxc4 17. Nxe8 Rfxe8 18. exd5 Bxd5 19. Rc7 Rb7 20. Rac1
Rxc7 21. Rxc7 Nc6 22. Ne5 Nxe5 23. Bxd5 exd5 24. dxe5 g5 25. Rxa7 Rxe5 26. Kf1
g4 27. Ra4 h5 28. Rb4 Re6 29. Rb5 Rd6 30. Ke2 Kg7 31. Kd3 Rf6 32. Ke2 Re6+ 33.
Kd2 Rf6 34. Ke2 Re6+ 1/2-1/2

[Event "Tata Steel India Blitz"]
[Site "Kolkata IND"]
[Date "2019.11.25"]
[Round "1"]
[White "So, Wesley"]
[Black "Ding, Liren"]
[Result "1/2-1/2"]
[WhiteElo "2760"]
[BlackElo "2801"]
[PlyCount "70"]
[EventDate "2019.11.25"]

1. e4 e5 2. Nf3 Nc6 3. d4 exd4 4. Nxd4 Nf6 5. Nc3 Bb4 6. Nxc6 bxc6 7. Bd3 d5 8.
Bd2 Bg4 9. f3 Be6 10. O-O dxe4 11. Nxe4 Nxe4 12. Bxb4 Qd4+ 13. Kh1 Qxb4 14.
Bxe4 O-O 15. b3 Rad8 16. Qe1 c5 17. Qxb4 cxb4 18. a3 a5 19. axb4 axb4 20. Rfd1
g6 21. Kg1 c5 22. Kf2 c4 23. bxc4 Rxd1 24. Rxd1 Bxc4 25. Rb1 Rb8 26. Ke3 Be6
27. Kd4 Kg7 28. c4 Kf6 29. Bd5 Bxd5 30. cxd5 b3 31. Rb2 Ke7 32. Kc4 Kd6 33.
Rxb3 Rxb3 34. Kxb3 Kxd5 35. Kc3 f5 1/2-1/2

[Event "Tata Steel India Blitz"]
[Site "Kolkata IND"]
[Date "2019.11.25"]
[Round "1"]
[White "Aronian, Levon"]
[Black "Harikrishna, Pentala"]
[Result "0-1"]
[WhiteElo "2772"]
[BlackElo "2731"]
[PlyCount "81"]
[EventDate "2019.11.25"]

1. e4 e5 2. Nf3 Nc6 3. Bb5 a6 4. Ba4 Nf6 5. O-O Bc5 6. Bxc6 dxc6 7. d3 Bg4 8.
h3 Bxf3 9. Qxf3 Nd7 10. Nd2 Qe7 11. Nc4 Nf8 12. Qh5 Ng6 13. g3 O-O-O 14. Bd2
Qe6 15. b4 Bd4 16. Rab1 Rhf8 17. Qf5 Qxf5 18. exf5 Ne7 19. g4 Nd5 20. Kg2 f6
21. a3 Bc3 22. Be3 Bd4 23. Kf3 Nc3 24. Rbe1 Rfe8 25. Bd2 Nd5 26. Re4 c5 27.
bxc5 Bxc5 28. a4 b6 29. h4 a5 30. Rc1 Bb4 31. Ke2 Bxd2 32. Kxd2 Nf4 33. h5 h6
34. Rb1 Nd5 35. Ne3 Nb4 36. f3 Na6 37. Rc4 Rd6 38. Rb5 Red8 39. f4 exf4 40.
Rxf4 Rd4 41. Ng2 0-1

[Event "Tata Steel India Blitz"]
[Site "Kolkata IND"]
[Date "2019.11.25"]
[Round "1"]
[White "Anand, Viswanathan"]
[Black "Nepomniachtchi, Ian"]
[Result "0-1"]
[WhiteElo "2757"]
[BlackElo "2773"]
[PlyCount "116"]
[EventDate "2019.11.25"]

1. e4 c5 2. Nf3 d6 3. d4 cxd4 4. Qxd4 Nf6 5. Be2 g6 6. h3 Bg7 7. O-O O-O 8. c4
Be6 9. Qe3 Qc8 10. Bd2 Nbd7 11. Nd4 Qc5 12. Nxe6 fxe6 13. Nc3 Rac8 14. Rac1 a6
15. Qxc5 Nxc5 16. f3 Nh5 17. Rfd1 Nf4 18. Bxf4 Rxf4 19. b3 Rff8 20. b4 Nd7 21.
Na4 Rc7 22. c5 Rfc8 23. Rb1 Be5 24. Kf1 Kf7 25. Kf2 g5 26. Rb3 Kf6 27. Kf1 h5
28. Rbd3 h4 29. Rb3 Bf4 30. Ke1 dxc5 31. bxc5 Nxc5 32. Nxc5 Rxc5 33. Rxb7 Rc2
34. Rdb1 Bg3+ 35. Kd1 Rxa2 36. R7b2 Ra5 37. Bd3 Be5 38. Rc2 Rd8 39. Ke2 Ra3 40.
Bc4 Rd6 41. Ra2 Rxa2+ 42. Bxa2 a5 43. Bb3 Rd4 44. Bd1 Bd6 45. Bb3 a4 46. Ba2 a3
47. Rd1 Ra4 48. Rc1 Ra5 49. Kd3 Rb5 50. Rc2 Ke5 51. Kc3 Rb6 52. Kd3 Bb4 53. Kc4
Kf4 54. Kd4 Bd6 55. Kc4 Kg3 56. Kd3 Be5 57. Bc4 Rd6+ 58. Ke2 Kxg2 0-1